000
00334 a2200109 4500
001
ART_43391
005
20260410161659.0
008
260409a
245
1
0
_a
Opciones para la última etapa del sinceramiento fiscal
100
1
_a
Bello, Alberto M.
773
0
_t
Práctica profesional
_g
- Nº 281 (mar. 2017)
_w
REV542
999
_c
15004
_d
15004